Capitales des pays européens..... - Statistiques

Statistiques générales
  • Ce quiz a été pris 211 fois
  • Le résultat moyen est 36 sur 49
Statistiques - réponses
Réponse % Correct
Allemagne Berlin
98%
Espagne Madrid
95%
France Paris
94%
Belgique Bruxelles
91%
Italie Rome
91%
Portugal Lisbonne
90%
Grece Athenes
89%
Russie Moscou
89%
Pays-Bas Amsterdam
88%
Royaume-Uni Londres
88%
Luxembourg Luxembourg
88%
Monaco Monaco
88%
Autriche Vienne
88%
Ukraine Kiev
87%
Vatican Vatican
86%
Irlande Dublin
85%
Norvege Oslo
83%
Hongrie Budapest
81%
Danemark Copenhague
81%
Andorre Andorre la Vieille
80%
Suisse Berne
80%
Pologne Varsovie
80%
Croatie Zagreb
80%
Saint-Marin Saint-Marin
79%
Suède Stockholm
78%
Roumanie Bucarest
77%
Bulgarie Sofia
77%
Finlande Helsinki
76%
République Tchèque Prague
75%
Turquie Ankara
70%
Malte La Valette
69%
Biélorussie Minsk
67%
Islande Reykjavik
67%
Albanie Tirana
66%
Lettonie Riga
64%
Bosnie-Herzégovine Sarajevo
64%
Estonie Tallinn
59%
Lituanie Vilnius
58%
Slovénie Ljubljana
57%
Serbie Belgrade
56%
Chypre Nicosie
55%
Liechtenstein Vaduz
51%
Slovaquie Bratislava
50%
Azerbaïdjan Bakou
44%
Moldavie Chișinău
44%
Arménie Erevan
44%
Macédoine du Nord Skopje
40%
Géorgie Tbilissi
39%
Montenegro Podgorica
35%
Aucun quiz correspondant
Distribution des résultats
% des personnes avec chaque résultat
Percentile par nombre de réponses
Votre historique - résultats
Vous n’avez pas pris ce quiz